Encyclopedia of theology (Record no. 17100)

MARC details
000 -LEADER
fixed length control field 00470nam a22001577a 4500
008 - FIXED-LENGTH DATA ELEMENTS--GENERAL INFORMATION
fixed length control field 180807b xxu||||| |||| 00| 0 eng d
020 ## - INTERNATIONAL STANDARD BOOK NUMBER
International Standard Book Number 8171096972
040 ## - CATALOGING SOURCE
Original cataloging agency KABU
Transcribing agency KABU
050 ## - LIBRARY OF CONGRESS CALL NUMBER
Classification number BR95
Item number .E53 c. 1
245 ## - TITLE STATEMENT
Title Encyclopedia of theology
Remainder of title the concise sacramentum Mundi
Statement of responsibility, etc. edited by Karl Rahner
260 ## - PUBLICATION, DISTRIBUTION, ETC. (IMPRINT)
Place of publication, distribution, etc. Mumbai
Name of publisher, distributor, etc. St. Pauls
Date of publication, distribution, etc. 1975
300 ## - PHYSICAL DESCRIPTION
Extent xiv, 1841 p.
650 ## - SUBJECT ADDED ENTRY--TOPICAL TERM
Topical term or geographic name as entry element Thology
Form subdivision Dictionaries
700 ## - ADDED ENTRY--PERSONAL NAME
Personal name Rahner, Karl (ed.).
942 ## - ADDED ENTRY ELEMENTS (KOHA)
Source of classification or shelving scheme Library of Congress Classification
Koha item type General Collection
Classification part BR95
Holdings
Withdrawn status Lost status Source of classification or shelving scheme Not for loan Home library Current library Shelving location Date acquired Cost, normal purchase price Total Checkouts Full call number Barcode Date last seen Copy number Price effective from Koha item type
    Library of Congress Classification   Kabarak, Main Campus Kabarak, Main Campus Reference 07/08/2018 4990.00   BR95 .E53 c. 1 025907 07/08/2018 c. 1 07/08/2018 Reference
    Library of Congress Classification   Kabarak, Main Campus Kabarak, Main Campus Reference 07/08/2018 4990.00   BR95 .E53 c. 2 025908 07/08/2018 c. 2 07/08/2018 Reference
    Library of Congress Classification   Kabarak, Main Campus Kabarak, Main Campus Reference 07/08/2018 4990.00   BR95 .E53 c. 3 025909 07/08/2018 c. 3 07/08/2018 Reference
    Library of Congress Classification   Kabarak, Nakuru City Campus Kabarak, Nakuru City Campus Reference 07/08/2018 4990.00   BR95 .E53 c. 1 025910 07/08/2018 c. 1 07/08/2018 Reference
    Library of Congress Classification   Kabarak, Nakuru City Campus Kabarak, Nakuru City Campus Reference 07/08/2018 4990.00   BR95 .E53 c. 2 025911 07/08/2018 c. 2 07/08/2018 Reference
Designed with assistance from East African Informatics Ltd